| 000 | 00393 a2200157 4500 | ||
|---|---|---|---|
| 001 | 61656 | ||
| 020 | _a9788562874031 | ||
| 040 | _cAnchieta - Pituba | ||
| 100 | _aMoura, Jeane Aguiar de | ||
| 240 | 1 | 0 |
_aInstituto Cultral Brasil - Alemanha _lpor |
| 245 | 1 | 0 | _aInstituto Cultral Brasil - Alemanha |
| 300 | _a104 | ||
| 362 | 0 | _a2012 | |
| 650 | 4 | _aPesquisa; Métodos estatisticos | |
| 942 | _cBK | ||
| 999 |
_c61656 _d61656 |
||